| 000 | 00493nam a2200205Ia 4500 | ||
|---|---|---|---|
| 008 | 170203s9999 xx 000 0 und d | ||
| 020 | _a9781846967122 | ||
| 050 | _a791.43 | ||
| 050 | _b.T749c2008 | ||
| 100 | _aTownsend, John, 1955- | ||
| 245 | _aMurder clues / | ||
| 245 | _cJohn Townsend | ||
| 260 | _aNew York : | ||
| 260 | _bTick Tock, | ||
| 260 | _c2008 | ||
| 300 | _a32 pages : | ||
| 440 | _aCSI. | ||
| 650 | _a Forensic anthropology -- | ||
| 650 | _x Juvenile literature. | ||
| 999 |
_c305487 _d305487 |
||